000 00248nam a2200097Ia 4500
001 697268
005 20250826162028.0
008 250824s9999 xx 000 0 und d
245 0 _aİçimizdeki Çocuk
_cDOĞAN CÜCELOĞLU
260 _bREMZİ KİTABEVİ
999 _c697268
_d697268